[Event "BAN-chT Golden Jubilee 2021-22"]
[Site "Dhaka"]
[Date "2022.03.17"]
[Round "8.20"]
[White "Sakline Mostafa, Sajid"]
[Black "Saiful Islam, Chowdhury"]
[Result "0-1"]
[WhiteElo "2089"]
[BlackElo "2075"]
[Annotator "TA"]
[PlyCount "132"]
[EventDate "2022.03.10"]
[EventType "team-tourn"]
[EventCountry "BAN"]
[SourceTitle "playchess.com"]
[Source "ChessBase"]
[SourceQuality "1"]

{[%evp 21,131,39,50,27,33,18,12,8,8,5,23,9,33,22,27,14,14,0,0,0,8,1,36,25,41,40,46,22,60,0,0,3,14,11,7,0,0,-37,-34,-43,-69,-93,-92,-85,0,0,0,-14,11,13,12,35,18,25,104,52,128,55,141,50,55,0,12,0,0,-9,-13,-27,-27,-51,-56,-82,-23,-21,0,-734,0,0,0,0,0,-415,-415,-598,0,0,0,0,0,0,0,0,0,-29967,-29965,-29984,-29985,-29985,-29986,-29986,-29987,-29987,-29988,-29990,-29991,-29994,-29995,-29995,-29996,-29997,-29998,-29999]} 1. d4 Nf6 2. c4 e6 3. Nf3 d5 4. Nc3 Bb4 5. cxd5 exd5 6. Bg5 c6 7. Qc2 Nbd7 8. e3 O-O 9. Bd3 Be7 10. O-O h6 11. Bh4 Re8 12. Rfe1 {D36: Queen's Gambit Declined: Exchange Variation: Main line (5 Bg5 c6 6 Qc2).} (12. Bg3 $5 {[%cal Rc3b5]}) 12... Ne4 13. Bxe7 (13. Nxe4 $2 dxe4 14. Bxe4 (14. Bxe7 $2 Qxe7 15. Bxe4 Qxe4 $19) 14... Bxh4 $19) 13... Qxe7 14. Nd2 {[%cal Rd2e4] The position is equal.} Nxd2 15. Qxd2 Nf6 16. f3 {[#]} Kf8 $146 ({Predecessor:} 16... Be6 17. Na4 b6 18. Rac1 Bd7 19. b3 c5 20. Nb2 Qd6 21. Bf1 cxd4 22. exd4 a5 {0-1 (34) Capilitan,R (2134)-Sales,J (2299) Parramatta 2008}) 17. a3 Be6 18. b4 {[%cal Bb2b4,Bb4b5][%mdl 32]} a5 19. b5 c5 $1 20. dxc5 Qxc5 21. Ne2 {[%cal Bc3e2,Be2d4,Bd4f5][%mdl 32]} Re7 22. Nd4 Bd7 23. a4 Rae8 {[%cal Oe7e3]} 24. Rac1 Qb6 {[%cal Oe7e3]} (24... Qa3 {is more complex.} 25. Nc2 Qxa4 26. Ra1 Qh4 27. Rxa5 Qg5) 25. Bf5 (25. Bb1 $14) 25... Bxf5 $11 26. Nxf5 Re5 27. Nd4 Nd7 28. Qc3 Kg8 29. Qa3 Qf6 30. Qd3 Nb6 31. Nb3 Nxa4 32. Qd4 {[#] Prevents Nb2.} Nb6 (32... Rxe3 $1 $17 33. Rxe3 Qxd4 34. Nxd4 Rxe3) 33. Nxa5 Qg6 34. f4 {[%cal Bf3f4,Bf4f5][%mdl 32]} Re4 {[#]} 35. f5 $1 Qf6 (35... Rxd4 36. fxg6) 36. Qxf6 gxf6 37. Nxb7 {And now Nd6 would win.} Nc4 {Inhibits Nd6.} (37... Rxe3 $11 {keeps the balance.} 38. Rxe3 Rxe3) 38. Nc5 (38. Red1 $16) 38... R4e7 ({Black should try} 38... Rxe3 $14 39. Rxe3 Rxe3) 39. Nd3 (39. e4 $16) 39... Nxe3 (39... Kf8 $14) 40. Nf4 (40. b6 $16) 40... d4 $14 41. Rb1 (41. b6 $1 $14) 41... Rb8 42. Nh5 Rb6 43. Rb3 Kf8 44. Rc1 Re5 45. Rc8+ Ke7 46. Rc7+ Kd6 ({Better is} 46... Kd8 $17 47. Rc1 (47. Rxf7 $2 Rxf5 48. Ng3 Rfxb5 $19) 47... Rxf5) 47. Rxf7 $11 Kd5 (47... Ng4 {keeps more tension.} 48. g3 Rxf5 49. Nf4 Rfxb5 50. Rxb5 Rxb5 51. h3 Rb1+) 48. Rxf6 $2 {[%mdl 8192] [#]} (48. Rb1 $11) 48... Rxf5 $2 49. Rxe3 Rfxf6 50. Nxf6+ Rxf6 {[%mdl 4096] Endgame KR-KR} 51. Re1 {[%mdl 8192] [#]} (51. Rf3 $11 {and White stays safe.} Rb6 52. Kf2) 51... d3 $1 $19 {Threatens to win with ...Kc4.} 52. Rb1 (52. Rf1 {might work better.} Re6 53. Rd1) 52... Rb6 $2 ({Black should play} 52... Kd4 $19 53. g4 (53. b6 $2 d2 $19) 53... d2) 53. Kf2 $11 Kd4 {White must now prevent ...d2.} 54. Ke1 Ke3 55. Rb3 h5 {[%cal Bh6h5,Bh5h4,Bh4h3][%mdl 32]} 56. g3 h4 (56... Rb8 $5 57. b6 Ra8 $11) 57. g4 $2 {[%mdl 8192]} (57. gxh4 $11 Rg6 58. Kf1) 57... h3 {Black mates.} 58. Rb4 Rf6 59. Rb3 Rf4 60. b6 Rxg4 {[%cal Rg4g1]} 61. Kf1 Ra4 62. Rb1 Rf4+ 63. Kg1 d2 64. b7 Rc4 65. Rf1 Rc1 66. Rxc1 dxc1=Q# {Weighted Error Value: White=0.59/Black=0.38} 0-1

[Event "BAN-chT Golden Jubilee 2021-22"]
[Site "Dhaka"]
[Date "2022.03.17"]
[Round "8.21"]
[White "Shawket Bin, Osman Shaon"]
[Black "Mollah Abdullah, Al Rakib"]
[Result "0-1"]
[WhiteElo "2065"]
[BlackElo "2426"]
[Annotator "TA"]
[PlyCount "73"]
[EventDate "2022.03.10"]
[EventType "team-tourn"]
[EventCountry "BAN"]
[SourceTitle "playchess.com"]
[Source "ChessBase"]
[SourceQuality "1"]

{[%evp 12,73,24,11,15,10,8,13,16,4,26,0,-11,-9,11,0,0,-14,-21,-28,-4,-9,0,0,0,0,0,-13,-7,-33,-14,-70,-64,-75,-75,-72,-69,-108,-80,-83,-56,-99,-84,-162,-164,-238,-187,-595,-574,-654,-619,-706,-698,-724,-713,-831,-843,-847,-837,-1784,-920,-908,-904,-2474]} 1. d4 Nf6 2. c4 e6 3. Nc3 Bb4 4. f3 d5 5. a3 Bxc3+ 6. bxc3 c6 7. e3 O-O {E20: Nimzo-Indian: 4 g3 and 4 f3.} 8. Bd3 b6 9. Ne2 {9.cxd5 is vanishing.} Ba6 {The position is equal.} 10. cxd5 $1 {aiming for Bxa6.} cxd5 11. O-O Bxd3 12. Qxd3 Nc6 13. e4 Qd7 {[#]} 14. Bg5 $146 ({Predecessor:} 14. a4 Kh8 15. e5 Ng8 16. f4 f5 17. exf6 Rxf6 18. g4 Nge7 19. Ba3 Re8 20. Rf3 {½-½ (60) Cuhra,M (2236)-Jurek,J (2318) Czech Republic 2012}) 14... Ne8 15. Ng3 Rc8 16. e5 f6 17. exf6 Nxf6 18. Rae1 Ne8 {[%cal Bf6e8,Be8d6,Bd6f5][%mdl 32]} 19. Qe2 Nd6 20. Bc1 Rfe8 {[%cal Bf8e8,Be8e7,Be7c7][%mdl 32]} 21. f4 ({White should try} 21. Bf4 $11) 21... Na5 $15 22. Qg4 Nf5 23. Nh5 {[#] And now Nf6+ would win.} Qf7 {Inhibits Nf6+.} 24. Rf3 Nb3 {Pair of Knights!} 25. Rd3 Re7 26. a4 (26. Qe2 $15) 26... Rec7 27. Qh3 (27. Bb2 $17 {might work better.}) 27... g6 $19 28. g4 (28. Ng3 $142) 28... Nfxd4 {[%cal Od4e2] [#] Strongly threatening ...Ne2+!} 29. Be3 $2 (29. Bb2 {nothing else works.} Nc2 30. Re2) 29... Nc2 {Black is clearly winning.} ({Worse is} 29... gxh5 30. cxd4 hxg4 31. Qxg4+ Qg7 32. Qxg7+ Rxg7+ 33. Kh1 $15) 30. Re2 Nxe3 ({Not} 30... gxh5 $2 31. Rxc2 Qg6 32. f5 hxg4 33. fxg6 $19) 31. Rdxe3 gxh5 32. gxh5 Nc5 33. h6 Ne4 34. Rg2+ Kh8 {[%cal Rc7c3]} 35. Rg7 Qf6 {[%cal Rc7c3]} 36. Rxc7 Rxc7 37. f5 {Weighted Error Value: White=0.49/Black=0.21 (precise)} 0-1

[Event "BAN-chT Golden Jubilee 2021-22"]
[Site "Dhaka"]
[Date "2022.03.17"]
[Round "8.23"]
[White "Aditya Mittal"]
[Black "Gukesh D"]
[Result "0-1"]
[WhiteElo "2487"]
[BlackElo "2614"]
[Annotator "TA"]
[PlyCount "102"]
[EventDate "2022.03.10"]
[EventType "team-tourn"]
[EventCountry "BAN"]
[SourceTitle "playchess.com"]
[Source "ChessBase"]
[SourceQuality "1"]

{[%evp 11,102,0,0,0,0,0,0,0,0,0,0,0,0,0,-8,-61,-55,-68,-53,-49,-38,-58,-10,-27,0,-84,-82,-83,-62,-75,0,-90,-92,-81,-58,-115,-121,-164,-125,-251,-248,-216,-216,-298,-260,-377,-361,-325,-238,-229,-234,-229,-199,-239,-238,-250,-246,-243,-219,-206,-113,-108,-115,-96,-106,-252,-251,-283,-225,-443,-445,-422,-362,-614,-427,-574,-500,-479,-450,-546,-528,-677,-647,-664,-660,-673,-584,-1017,-650,-992,-981,-1669,-906]} 1. d4 Nf6 2. c4 e6 3. g3 d5 4. Bg2 dxc4 5. Nf3 c6 6. O-O b5 7. Ne5 {E04: Open Catalan: 5 Nf3.} Bb7 8. a4 {[#] aiming for axb5.} a6 9. b3 {The position is equal.} cxb3 10. Bb2 Nbd7 11. Qxb3 Nxe5 12. dxe5 Nd7 13. Nc3 {[#]} (13. Nd2 $11) 13... Nc5 $146 ({Predecessor:} 13... Be7 14. Rfd1 Qb6 15. Qc2 Rd8 16. Ne4 O-O 17. Nd6 Ba8 18. Bc3 b4 19. Bb2 c5 {0-1 (54) Gholami Orimi,M (2430)-Chen,Q (2479) Tornelo INT 2021}) 14. Qc2 b4 $36 {[%mdl 2048] Black has good play.} 15. Nd1 {[%cal Bc3d1,Bd1e3,Be3c4][%mdl 32]} Nd7 16. Ne3 Qc8 (16... Be7 $1 $15) 17. Nc4 {[#] And now Na5 would win.} c5 {White must now prevent ...Bxg2.} 18. Be4 (18. Bxb7 $1 $11 {remains equal.} Qxb7 19. f4) 18... Bxe4 $17 19. Qxe4 Be7 20. f4 g6 {To avoid f5} ({Black should try} 20... O-O $17 21. a5 Ra7) 21. g4 (21. Rad1 $11 Rb8 22. a5) 21... Rb8 (21... a5 {is more complex.} 22. f5 gxf5 23. gxf5 Ra6 24. f6 Bf8) 22. a5 {To avoid Nb6} Qb7 (22... h5 {looks sharper.} 23. g5 O-O 24. Qc2 b3 25. Qc3 Qc6) 23. Qxb7 (23. Qc2 $1 $15) 23... Rxb7 24. Kg2 (24. Rfd1 $17 {is a better defense.}) 24... Nb8 25. Kf3 (25. Rfd1 $17) 25... Kd7 $19 26. f5 Rd8 ({Weaker is} 26... gxf5 27. gxf5 Kc6 28. Rac1) 27. Ke4 Kc6 28. fxe6 (28. f6 $142 Bf8 29. h4) 28... fxe6 29. Rf7 Bf8 30. Rf6 Kb5 {The board is on fire.} 31. Rc1 Re8 32. Rxf8 ({Reject} 32. Nd6+ Bxd6 33. exd6 c4 $19) 32... Rxf8 33. Nd6+ Kc6 {[%cal Bb5c6,Bc6b7,Bb7c8][%mdl 32]} 34. Nxb7 Kxb7 35. Rxc5 {[%mdl 4096] Endgame KRB-KRN} Rf2 ({Black should play} 35... Nc6 $19 {...Rf2 is the strong threat.} 36. Ke3 g5) 36. Kd3 $17 Rxh2 37. Rc4 Rh3+ 38. Kd2 (38. e3 $17) 38... Nc6 $19 39. Rf4 Kc8 40. e3 $2 (40. Kc2) 40... Rh2+ 41. Kc1 b3 42. Ra4 $2 (42. Rc4 Kd7 43. Bd4) 42... Rg2 {Black is clearly winning.} 43. Ra3 Rxg4 {Hoping for ...h5.} 44. Rxb3 Nxa5 45. Ra3 Nc4 46. Rxa6 Rg1+ 47. Kc2 Rg2+ 48. Kd3 Nxb2+ 49. Ke4 Rg4+ 50. Kf3 h5 51. Rxe6 Nc4 {Weighted Error Value: White=0.60/Black=0.19 (very precise)} 0-1

[Event "BAN-chT Golden Jubilee 2021-22"]
[Site "Dhaka"]
[Date "2022.03.17"]
[Round "8.24"]
[White "Rahman, Ziaur"]
[Black "Pranav Vijay"]
[Result "1-0"]
[WhiteElo "2417"]
[BlackElo "2265"]
[Annotator "ChessBase"]
[PlyCount "63"]
[EventDate "2022.03.10"]
[EventType "team-tourn"]
[EventCountry "BAN"]
[SourceTitle "playchess.com"]
[Source "ChessBase"]
[SourceQuality "1"]
[TimeControl "40/5400+30:1800+30"]

1. Nf3 {[%emt 0:00:06]} Nf6 {[%emt 0:00:08]} 2. b3 {[%emt 0:00:18]} d5 {[%emt 0:00:18]} 3. e3 {[%emt 0:00:43]} g6 {[%emt 0:01:12]} 4. Bb2 {[%emt 0:00:25]} Bg7 {[%emt 0:00:18]} 5. d4 {[%emt 0:01:02]} O-O {[%emt 0:01:37]} 6. Nbd2 {[%emt 0:00:59]} Ne4 {[%emt 0:12:13]} 7. c4 {[%emt 0:06:22]} c5 {[%emt 0:09:09]} 8. cxd5 {[%emt 0:01:21]} Nxd2 {[%emt 0:00:46]} 9. Qxd2 {[%emt 0:00:39]} Qxd5 {[%emt 0:00:27]} 10. Bc4 {[%emt 0:02:22]} Qd6 {[%emt 0:03:55]} 11. Rd1 {[%emt 0:02:25]} Nc6 {[%emt 0:11:19]} 12. d5 {[%emt 0:05:11]} Bxb2 {[%emt 0:06:02]} 13. Qxb2 {[%emt 0:00:49]} Na5 {[%emt 0:00:08]} 14. h3 {[%emt 0:07:00]} Nxc4 {[%emt 0:10:36]} 15. bxc4 {[%emt 0:00:10]} Rb8 {[%emt 0:00:37]} 16. O-O {[%emt 0:01:33]} b5 {[%emt 0:01:32]} 17. cxb5 {[%emt 0:07:39]} a6 {[%emt 0:00:15]} 18. b6 {[%emt 0:02:31]} Rxb6 {[%emt 0:01:50]} 19. Qc3 {[%emt 0:02:11]} Rb4 {[%emt 0:03:40]} 20. Ne5 {[%emt 0:02:09]} Re4 {[%emt 0:09:08]} 21. Nc4 {[%emt 0:02:06]} Qc7 {[%emt 0:02:24]} 22. f3 {[%emt 0:03:11]} Rh4 {[%emt 0:00:48]} 23. f4 {[%emt 0:00:39]} Rd8 {[%emt 0:01:50]} 24. d6 {[%emt 0:10:27]} exd6 {[%emt 0:00:08]} 25. Qf6 {[%emt 0:00:36]} Rh5 {[%emt 0:00:10]} 26. Nxd6 {[%emt 0:01:42]} Rf8 {[%emt 0:00:47]} 27. e4 {[%emt 0:02:09]} c4 {[%emt 0:00:37]} 28. f5 {[%emt 0:37:45]} Bd7 {[%emt 0:06:36]} 29. fxg6 {[%emt 0:00:00]} Qb6+ {[%emt 0:03:35]} 30. Kh1 {[%emt 0:00:00]} hxg6 {[%emt 0:00:14]} 31. Ne8 {[%emt 0:00:00]} Qe6 {[%emt 0:00:52]} 32. Qg7# {[%emt 0:00:00]} 1-0

[Event "BAN-chT Golden Jubilee 2021-22"]
[Site "Dhaka"]
[Date "2022.03.18"]
[Round "9.1"]
[White "Mollah Abdullah, Al Rakib"]
[Black "Idani, Pouya"]
[Result "0-1"]
[WhiteElo "2426"]
[BlackElo "2621"]
[Annotator "TA"]
[PlyCount "66"]
[EventDate "2022.03.10"]
[EventType "team-tourn"]
[EventCountry "BAN"]
[SourceTitle "playchess.com"]
[Source "ChessBase"]
[SourceQuality "1"]

{[%evp 19,66,18,23,0,16,0,0,0,10,5,23,4,36,25,32,29,21,-7,-20,-21,-4,-9,0,0,0,-17,0,-8,0,0,0,0,0,0,0,0,0,-4,0,-78,-93,-270,-285,-2215,-2005,-29977,-1540,-1385,-1131]} 1. d4 Nf6 2. Nf3 g6 3. Nbd2 Bg7 4. e4 d6 5. Bd3 O-O 6. O-O Nc6 7. c3 e5 8. dxe5 Nxe5 9. Nxe5 dxe5 10. Nc4 Qe7 11. b4 {[#] B07: Pirc Defence: Miscellaneous Systems.} Nh5 $146 ({Predecessor:} 11... b6 12. a4 Bb7 13. Qe2 Nd7 14. f3 Rfd8 15. Ne3 a5 16. b5 Bh6 17. Ba3 Qg5 18. Ng4 Bf8 {½-½ (34) Berezjuk,S (2403)-Voloshin,L (2432) Czech Republic 1999}) 12. Re1 Nf4 13. Bf1 {The position is equal.} b6 14. Qc2 h5 {[%cal Bh7h5,Bh5h4,Bh4h3][%mdl 32]} 15. a4 Be6 16. a5 Rad8 17. axb6 axb6 18. Be3 h4 19. Red1 Rxd1 (19... Qg5 {feels hotter.} 20. Rxd8 Rxd8 21. Nb2 h3 22. g3 Qg4) 20. Qxd1 h3 21. g3 Ng2 22. Bd2 Qd7 {White must now prevent ...Rd8.} 23. Bg5 {Prevents Rd8.} Qc6 $36 {[%mdl 2048] Black has good play.} 24. Qe2 b5 {[%cal Re6c4]} 25. Na5 Qxc3 26. Rb1 Kh7 27. Bd2 Qd4 28. Rc1 Qb2 29. Rxc7 (29. Qd3 $11 {remains equal.}) 29... Rd8 $1 $17 {[%cal Bf8d8,Bd8d1,Bd1e1][%mdl 32] Black is more active.} 30. Bc3 {[#] Loses the game.} (30. Bg5 $17 Qxe2 31. Bxe2) 30... Qb1 $1 $19 31. Qxb5 $2 (31. Bd2 Rd4 32. Bg5) 31... Rd1 {[%cal Og2h4] ( -> ...Nh4!)} 32. Qe2 {[#]} Ne1 (32... Bg4 $142 $1 {[%mdl 512]} 33. Qc4 (33. Qxd1 Qxd1) 33... Qc2 34. Bd2 Qxd2 35. Nb3 Qe1 36. Qd3 Rxd3 37. Rc1 Bd1 38. Rc6 Bxb3 39. Rxg6 fxg6 40. g4 Rd1 41. Kh1 Qxf1#) 33. Bxe1 Rxe1 {Weighted Error Value: White=0.56/Black=0.24 (precise)} 0-1

[Event "BAN-chT Golden Jubilee 2021-22"]
[Site "Dhaka"]
[Date "2022.03.18"]
[Round "9.2"]
[White "Mchedlishvili, Mikheil"]
[Black "Erigaisi Arjun"]
[Result "1/2-1/2"]
[WhiteElo "2587"]
[BlackElo "2633"]
[Annotator "TA"]
[PlyCount "51"]
[EventDate "2022.03.10"]
[EventType "team-tourn"]
[EventCountry "BAN"]
[SourceTitle "playchess.com"]
[Source "ChessBase"]
[SourceQuality "1"]

{[%evp 17,51,-22,-13,-8,0,0,0,0,-6,-15,0,-9,0,0,0,0,0,0,0,0,0,0,0,0,0,0,0,0,0,0,0,0,0,0,0,0]} 1. e4 e5 2. Nf3 Nc6 3. d4 exd4 4. Nxd4 Nf6 {[%cal Bg8f6,Bf6d5,Bd5b4][%mdl 32]} 5. Nxc6 bxc6 6. e5 Qe7 7. Qe2 Nd5 8. c4 Ba6 9. b3 g6 $1 {The position is equal.} 10. Ba3 $1 {[%mdl 4] is currently scoring better than 10.f4. C45: Scotch Game.} Nb4 {next ...d5 is good for Black.} 11. Bb2 $1 {[%cal Oe5e6]} Bg7 12. a3 Nd5 13. Nd2 {[%cal Bb1d2,Bd2e4,Be4f6][%mdl 32]} O-O 14. O-O-O $1 Rfe8 15. Qf3 {To avoid Nf4} Nb6 16. Ne4 Bxe5 17. Bxe5 Qxe5 18. Nf6+ Kf8 19. Nxe8 {[#] Hoping for Nf6.} Qa1+ 20. Kc2 Qa2+ 21. Kc1 $1 ({Not} 21. Kc3 $2 Rxe8 22. Bd3 Bxc4 23. Bxc4 (23. bxc4 {is a self mate.} Na4+ 24. Kb4 Rb8+ 25. Ka5 Qxa3) 23... Nxc4 $19) 21... Qxa3+ {[#]} 22. Kc2 $5 $146 {[%cal Of3c3][%mdl 8] aiming for Qc3! New and interesting.} ({Predecessor:} 22. Kb1 Na4 23. Qf6 Qxb3+ 24. Kc1 Qa3+ 25. Kc2 Qa2+ 26. Kc1 Qa3+ 27. Kc2 Qa2+ 28. Kc1 {½-½ (28) Wang,H (2762)-Ding,L (2805) Ekaterinburg 2021}) 22... Qa2+ ({Don't take} 22... Rxe8 23. Qc3 Qa2+ 24. Qb2 Qxb2+ 25. Kxb2 $16) 23. Kc1 {[%cal Of3c3] [#] Strongly threatening Qc3!} Qa1+ 24. Kc2 $1 Qa2+ 25. Kc1 {[%cal Of3c3] Threatens to win with Qc3!} Qa1+ 26. Kc2 $1 {A balanced but interesting game.  Weighted Error Value: White=0.00 (flawless) /Black=0.01 (flawless)} 1/2-1/2

[Event "BAN-chT Golden Jubilee 2021-22"]
[Site "Dhaka"]
[Date "2022.03.18"]
[Round "9.3"]
[White "Gukesh D"]
[Black "Hossain, Enamul"]
[Result "1-0"]
[WhiteElo "2614"]
[BlackElo "2410"]
[Annotator "TA"]
[PlyCount "55"]
[EventDate "2022.03.10"]
[EventType "team-tourn"]
[EventCountry "BAN"]
[SourceTitle "playchess.com"]
[Source "ChessBase"]
[SourceQuality "1"]

{[%evp 26,55,9,0,6,0,35,0,0,0,0,-16,-4,-20,-14,-31,271,245,467,260,253,261,637,626,1551,1462,1879,1823,1786,1676,29996,29997]} 1. d4 Nf6 2. c4 e6 3. Nf3 d5 4. Nc3 c5 5. cxd5 Nxd5 6. e4 Nxc3 7. bxc3 cxd4 8. cxd4 Bb4+ 9. Bd2 Bxd2+ 10. Qxd2 O-O 11. Bc4 Nd7 12. O-O b6 13. Rfe1 Bb7 14. Rad1 Rc8 {D41: Queen's Gambit Declined: Semi-Tarrasch with 5 cxd5.} 15. Bb3 h6 16. h3 Nf6 {The position is equal.} 17. Qf4 {[%cal Od4d5]} Qc7 18. Qh4 Rfe8 19. Rd3 b5 20. Ne5 {[#]} Bxe4 $146 {[%mdl 8192] Loses the game.} (20... a5 $15 {keeps the upper hand.}) ({Predecessor:} 20... a5 21. Rg3 Kh8 22. Rf3 Qe7 23. d5 exd5 24. exd5 Qf8 25. Rxf6 Rxe5 26. Rxe5 Rc1+ 27. Kh2 gxf6 28. Qxf6+ Qg7 29. Re8+ Kh7 30. Qf4 Qg5 31. Qxf7+ Qg7 32. Qf5+ {1-0 (32) Edouard,R (2614)-Alavi Moghaddam,S (2445) Europe Echecs INT 2021}) 21. Rxe4 $18 g5 {[#] Prevents Rf4.} (21... Nxe4 22. Qxe4 Re7) 22. Rg4 $1 Kh7 23. Qg3 Nh5 $2 (23... Nxg4 24. Qxg4 (24. hxg4 f6 $11) 24... f6) 24. Qf3 f5 {[#]} 25. Bxe6 $1 {[%mdl 512]} fxg4 (25... Rf8 26. Bxf5+) 26. Qf5+ Kh8 {[#]} 27. Rc3 $3 {[%mdl 512] Intending Qg6 and mate.} Qxc3 (27... Nf4 28. Rxc7) 28. Ng6+ {[%mdl 64] Discovered Attack.  Weighted Error Value: White=0.32/Black=1.39} 1-0

[Event "BAN-chT Golden Jubilee 2021-22"]
[Site "Dhaka"]
[Date "2022.03.18"]
[Round "9.4"]
[White "Reefat, Bin-Sattar"]
[Black "Rahman, Ziaur"]
[Result "1/2-1/2"]
[WhiteElo "2371"]
[BlackElo "2417"]
[Annotator "TA"]
[PlyCount "82"]
[EventDate "2022.03.10"]
[EventType "team-tourn"]
[EventCountry "BAN"]
[SourceTitle "playchess.com"]
[Source "ChessBase"]
[SourceQuality "1"]

{[%evp 12,82,13,7,20,9,29,0,0,0,0,0,6,0,0,0,0,0,9,0,0,15,29,37,34,34,122,134,112,116,138,124,131,137,119,133,204,20,31,10,31,25,173,178,180,188,172,163,265,122,266,272,254,256,255,248,279,269,427,194,167,59,54,0,0,0,0,0,0,0,0,0,0]} 1. e4 c5 2. Nf3 d6 3. d4 cxd4 4. Nxd4 Nf6 5. Nc3 a6 6. h3 e5 7. Nde2 h5 {B90: Sicilian Najdorf: Unusual White 6th moves, 6 Be3 Ng4 and 6 Be3 e5.} 8. Bg5 Be6 9. Bxf6 Qxf6 10. Nd5 Qd8 11. Qd3 Nd7 12. O-O-O g6 13. Kb1 Nc5 14. Qa3 $1 {[%mdl 4] is more profitable than 14.Qf3 at the moment.} Bh6 15. h4 b5 16. Nec3 O-O 17. f3 {[#]} Bd7 $146 ({Predecessor:} 17... f5 18. Be2 Bg7 19. g4 hxg4 20. fxg4 fxg4 21. Rhg1 Rb8 22. Bxg4 Bf7 23. h5 gxh5 {1-0 (37) Maghsoodloo,P (2649)-Vavulin,M (2559) Manavgat 2018}) 18. Be2 Bg7 ({Black should try} 18... Rb8 $14) 19. g4 $1 $16 {White is more active.} Rb8 20. b4 {Prevents a5.} a5 {[%cal Oh5g4]} 21. bxc5 b4 22. Qc1 {[%cal Og4h5]} bxc3+ 23. Ka1 Be6 (23... hxg4 $16 24. cxd6 gxf3) 24. Qa3 $2 (24. gxh5 $1 $18 dxc5 25. Bc4) 24... hxg4 $11 25. h5 Bxd5 26. Rxd5 g3 {[#]} (26... gxf3 $11 {and Black has nothing to worry.} 27. Bxf3 Qf6 28. Qxc3 Rfc8) 27. hxg6 $1 $18 Qg5 (27... fxg6 $2 28. Rxd6 Qc7 29. Bc4+ Rf7 30. Rxg6 $18) 28. gxf7+ Rxf7 {Strongly threatening ...Qe3.} 29. Rdd1 d5 {Prevents Bc4.} 30. Qxc3 (30. exd5 $18 {is the precise move to win.} e4 31. fxe4) 30... d4 (30... g2 $6 31. Rhg1 $14) (30... a4 $16) 31. Qxa5 {aiming for Bc4.} (31. Qc4 $6 Kf8 $16) 31... g2 32. Rhg1 {And now Bc4 would win.} Kh7 33. c6 {Bc4 is the strong threat.} Rc8 34. Qd5 Rf6 (34... Rfc7 $142 35. Ba6 Rf8) 35. f4 (35. Bb5 $142) 35... Qg3 {[#] White must now prevent ...Qc3+.} 36. Bd3 (36. Rh1+ $3 $18 {[%mdl 512]} gxh1=Q 37. Rxh1+ Rh6 38. Rxh6+ Kxh6 39. Qe6+ Bf6 40. Qxf6+ (40. Qxc8 Qe1+ 41. Kb2 Qc3+ 42. Kc1 Qa1+ 43. Kd2 Qc3+ 44. Kd1 Qa1+ 45. Kd2 Qc3+ 46. Kd1 Qa1+ 47. Kd2 $11) 40... Qg6 41. Qh4+ (41. Qxe5 Qxc6 42. Qg5+ Kh7 $14) (41. fxe5 Qxf6 42. exf6 Rxc6 $11) 41... Kg7 42. Bb5 (42. fxe5 $2 Qg1+ 43. Kb2 Rb8+ 44. Bb5 Rxb5+ 45. Ka3 Rxe5 $19)) 36... Rfxc6 $14 37. Qd7 ({White should play} 37. Rd2 $14 Rxc2 38. Rxc2 Rxc2 39. Bxc2) 37... Rxc2 $11 {The position is equal.} (37... exf4 $2 38. e5+ (38. Qf5+ Kg8 $11) 38... Kh8 39. Qf5 $18) 38. Qf5+ Kg8 {[%cal Oc2a2]} 39. Qe6+ Kh7 40. Qf5+ Kg8 {[%cal Oc2a2] ( -> ...Rxa2+!)} 41. Qe6+ Kh7 {Black escapes into a draw.  Weighted Error Value: White=0.25 (precise) /Black=0.22 (precise)} 1/2-1/2